Cơ sở lí thuyết các phản ứng hoá học

Cung cấp những kiến thức về cơ sở của nhiệt động lực học hoá học, động hoá học, cân bằng pha, cân bằng hoá học, dung dịch, phản ứng axit-bazơ, hoá khử. Một số vấn đề ứng dụng của phản ứng ôxi hoá khử...

全面介绍

Đã lưu trong:
书目详细资料
主要作者: Trần, Thị Đà
格式: 图书
语言:Undetermined
出版: Hà Nội Giáo dục 2004
主题:
标签: 添加标签
没有标签, 成为第一个标记此记录!
Thư viện lưu trữ: Trung tâm Học liệu Trường Đại học Cần Thơ
LEADER 00904nam a2200205Ia 4500
001 CTU_101294
008 210402s9999 xx 000 0 und d
020 |c 56900 
082 |a 541.39 
082 |b Đ100 
100 |a Trần, Thị Đà 
245 0 |a Cơ sở lí thuyết các phản ứng hoá học 
245 0 |c Trần Thị Đà , Đặng Trần Phách 
260 |a Hà Nội 
260 |b Giáo dục 
260 |c 2004 
520 |a Cung cấp những kiến thức về cơ sở của nhiệt động lực học hoá học, động hoá học, cân bằng pha, cân bằng hoá học, dung dịch, phản ứng axit-bazơ, hoá khử. Một số vấn đề ứng dụng của phản ứng ôxi hoá khử 
650 |a Chemistry 
904 |i M.Loan 
980 |a Trung tâm Học liệu Trường Đại học Cần Thơ